Liedtext - Küssen verboten - Die Prinzen - Statistiken

Allgemein
  • Dieses Quiz wurde 299 mal gespielt
  • Das Durchschnittsergebnis liegt bei 187 aus 243
Antwortstatistiken
Textquiz % Korrekt
Küssen
99%
küssen
99%
verboten
97%
da
94%
Da
94%
Das
92%
das
92%
nicht
92%
bei
90%
der
90%
ist
90%
mir
90%
Ich
88%
ich
88%
mich
88%
erlaubt
86%
Die
85%
die
85%
hat
83%
Keiner
83%
sie
82%
Sie
82%
Und
81%
je
80%
hätte
79%
an
78%
in
77%
In
77%
Zu
77%
Du
76%
du
76%
es
74%
war
74%
Dass
73%
dass
73%
geglaubt
73%
gesehen
73%
kann
72%
schön
68%
Schon
68%
streng
68%
eine
67%
Lippen
67%
Schule
67%
hab'
66%
mit
65%
dann
64%
nach
64%
ran
64%
verknallt
64%
Doch
63%
feuchte
63%
nah
63%
noch
63%
im
62%
dir
61%
her
61%
ihre
61%
Jule
61%
alt
60%
Jahre
60%
Kam
60%
kam
60%
deine
59%
total
59%
Denn
58%
Kommen
58%
willst
58%
gibt
57%
haben
56%
gut
55%
mehr
55%
nur
55%
viel
55%
ab
54%
feuchten
54%
Pause
54%
sieben
54%
Wollte
54%
sagen
53%
zur
53%
hinter
52%
muss
52%
verstehen
52%
findest
51%
gar
51%
leiden
50%
Nacht
50%
Sache
50%
konnte
49%
machst
49%
Hause
48%
kamen
48%
schreien
46%
denke
45%
dachte
44%
Ging
44%
kaufen
44%
sah
44%
Traum
44%
Tür
44%
Geschenke
42%
Käsebrötchen
42%
große
41%
herein
41%
Tobias
38%
letzte
37%
wäschst
22%
Keine übereinstimmenden Quizze gefunden
Verteilung der Resultate
Anzahl Personen mit jedem Resultat
Perzentil nach korrekt beantworteten Fragen
Ihre Resultats-Entwicklung
Sie haben dieses Quiz noch nicht gespielt